Largest U.S. Cities Without the Letter A - Statistics

General Stats
  • This quiz has been taken 52 times
    30 since last reset
  • The average score is 39 of 50
Answer Stats
Population City State % Correct
694,583 Boston MA
100%
716,492 Denver CO
100%
672,662 Detroit MI
100%
347,397 Honolulu HI
100%
2,325,502 Houston TX
100%
8,398,748 New York City NY
100%
1,660,272 Phoenix AZ
100%
228,783 Richmond VA
100%
892,533 Columbus OH
96%
194,160 Columbus GA
96%
895,008 Fort Worth TX
96%
650,618 Memphis TN
96%
301,048 Pittsburgh PA
96%
545,975 Tucson AZ
96%
228,790 Boise ID
91%
287,401 Lincoln NE
91%
250,998 Reno NV
91%
326,554 Corpus Christi TX
87%
216,852 Des Moines IA
87%
530,093 Fresno CA
87%
323,780 Lexington KY
83%
197,881 Little Rock AR
83%
620,118 Louisville KY
83%
189,572 Mobile AL
83%
198,218 Montgomery AL
83%
206,284 Rochester NY
83%
274,975 Toledo OH
83%
294,722 Greensboro NC
78%
244,076 Norfolk VA
78%
188,987 Shreveport LA
78%
310,390 Henderson NV
74%
187,500 Knoxville TN
74%
197,318 Huntsville AL
70%
179,335 Providence RI
70%
330,063 Riverside CA
70%
311,178 Stockton CA
70%
183,392 Brownsville TX
65%
248,279 Gilbert AZ
65%
265,549 Jersey City NJ
65%
255,885 Lubbock TX
65%
192,364 Tempe AZ
65%
242,242 Irving TX
61%
185,877 Worcester MA
61%
199,663 Yonkers NY
61%
282,572 Irvine CA
57%
215,030 Modesto CA
57%
178,626 Newport News VA
57%
237,807 Fremont CA
39%
188,170 Frisco TX
39%
191,645 McKinney TX
35%
No matching quizzes found
Score Distribution
Percent of People with Each Score
Percentile by Number Answered
Your Score History
You have not taken this quiz since the last reset